Paroles "Die with a Smile" Bruno Mars & Lady Gaga - Statistiques

Statistiques générales
  • Ce quiz a été pris 704 fois
  • Le résultat moyen est 230 sur 284
Statistiques - réponses
Hint Réponse % Correct
Bruno Mars : I
100%
a
99%
you
99%
to
96%
and
95%
And
95%
just
95%
When
95%
the
94%
be
90%
dream
90%
Refrain : If
90%
world
90%
next
89%
Next
89%
was
89%
ending
88%
go
88%
from
87%
wanna
87%
die
86%
smile
86%
up
86%
with
86%
where
84%
woke
83%
goodbye
82%
say
82%
do
81%
me
81%
over
81%
don't
79%
follow
79%
for
79%
last
79%
Lady Gaga : Lost
79%
it
78%
party
78%
that
78%
tomorrow
77%
like
75%
Like
75%
had
74%
know
74%
night
74%
what
73%
mean
71%
it's
70%
time
70%
while
70%
love
69%
hold
68%
on
68%
that's
68%
we
68%
Nobody's
66%
all
65%
I'd
65%
I'll
64%
So
64%
Wherever
64%
anymore
62%
But
62%
in
62%
realised
62%
since
62%
means
61%
this
61%
promised
59%
survived
59%
every
58%
our
58%
Earth
57%
'Cause
52%
fighting
43%
scream
42%
already
40%
words
39%
even
38%
i'ma
37%
I'ma
37%
Bridge : Right
36%
only
34%
throught
34%
love's
27%
worth
27%
one
21%
Aucun quiz correspondant
Distribution des résultats
% des personnes avec chaque résultat
Percentile par nombre de réponses
Votre historique - résultats
Vous n’avez pas pris ce quiz